000 00685nam a2200241Ia 4500
003 OSt
005 20220918230605.0
006 a|||||r|||| 00| 0
007 ta
008 220917b |||||||| |||| 00| 0 eng d
024 _a256,209
037 _cTextual
040 _aARTS
_cARTS
_beng
041 _2eng
_aeng
082 _aQ6p6,N65, K8
111 _aseventh international African seminar (Seventh : Apri-5 : Ghana)
_9152888
245 0 _aChristianity in tropical Afirca
260 _aIbadan
_bInternational African Institute London
_c1968
300 _axi,441p
_ccm.
650 _aRELIGION
942 _hQ6p6,N65, K8
_cTEXL
_2CC
999 _c288444
_d288444